| 000 | 00470nam a22001937a 4500 | ||
|---|---|---|---|
| 005 | 20230710142804.0 | ||
| 008 | 230606b |||||||| |||| 00| 0 eng d | ||
| 020 | _a9788131708125 | ||
| 082 |
_a621.38152 _bSTR-S |
||
| 100 | _aStreetman,Ben.G | ||
| 245 | _aSolid State Electronic Devices | ||
| 250 | _a6th ed. | ||
| 260 |
_aIndia _c2008 _bPearsons |
||
| 300 | _a581 | ||
| 500 | _aInclude Index | ||
| 650 | _aEngineering | ||
| 700 | _aBen.G.Streetman | ||
| 999 |
_c18609 _d18609 |
||